[Event "1st Metropolitan International"]
[Site "Los Angeles"]
[Date "2011.08.20"]
[Round "7"]
[White "Zepeda, Lorena"]
[Black "Hall, Bobby"]
[Result "1/2-1/2"]
[WhiteElo "2187"]
[BlackElo "2044"]
[PlyCount "144"]
[EventDate "2011.08.17"]
[EventType "swiss"]
[EventRounds "9"]
[EventCountry "USA"]
[SourceDate "2011.08.22"]

1. e4 c5 2. Nf3 d6 3. d4 cxd4 4. Nxd4 Nf6 5. Nc3 a6 6. Be3 e5 7. Nb3 Be7 8. Qd2
Be6 9. O-O-O Ng4 10. g3 Nd7 11. f4 Nxe3 12. Qxe3 O-O 13. Kb1 Rc8 14. f5 Bc4 15.
h4 b5 16. g4 Nb6 17. g5 f6 18. Rg1 b4 19. Ne2 Qc7 20. Rc1 d5 21. gxf6 Rxf6 22.
Bh3 Bf8 23. Ng3 d4 24. Qg5 Bf7 25. Nh5 Bxh5 26. Qxf6 Nc4 27. Qg5 Bf7 28. f6 Rd8
29. fxg7 Be7 30. Qg3 a5 31. Bf5 a4 32. Nxd4 a3 33. Ne6 Nd2+ 34. Ka1 axb2+ 35.
Kxb2 Ra8 36. Bxh7+ Kxh7 37. g8=Q+ Rxg8 38. Qxg8+ Bxg8 39. Nxc7 Bc5 40. Ne8 Bd4+
41. c3 bxc3+ 42. Kc2 Bxa2 43. Rg7+ Kh6 44. Rb7 Nxe4 45. Ra1 Bd5 46. Rd7 Bc4 47.
Ng7 Bd3+ 48. Kxd3 Nc5+ 49. Kc4 Nxd7 50. Nf5+ Kh5 51. Nxd4 exd4 52. Kxd4 Kxh4
53. Kxc3 Nf6 54. Rg1 Ne4+ 55. Kd3 Ng5 56. Ke3 Kh5 57. Rg2 Ne6 58. Ke4 Ng5+ 59.
Kf5 Nh3 60. Rg8 Kh4 61. Rg7 Nf2 62. Rg2 Nh3 63. Rg4+ Kh5 64. Rg3 Kh4 65. Rf3
Ng1 66. Rf4+ Kg3 67. Rg4+ Kf2 68. Ke4 Ne2 69. Rh4 Ng3+ 70. Kd3 Kf3 71. Rh3 Kg4
72. Rxg3+ Kxg3 1/2-1/2

[Event "1st Metropolitan International"]
[Site "Los Angeles"]
[Date "2011.08.21"]
[Round "8"]
[White "Adams, Michael"]
[Black "Bojkov, Dejan"]
[Result "1/2-1/2"]
[WhiteElo "2715"]
[BlackElo "2544"]
[PlyCount "79"]
[EventDate "2011.08.17"]
[EventType "swiss"]
[EventRounds "9"]
[EventCountry "USA"]
[SourceDate "2011.08.22"]

1. e4 e5 2. Nf3 Nc6 3. Bb5 a6 4. Ba4 Nf6 5. O-O Be7 6. Re1 b5 7. Bb3 d6 8. c3
O-O 9. h3 Na5 10. Bc2 c5 11. d4 Nd7 12. Nbd2 exd4 13. cxd4 Nc6 14. d5 Nce5 15.
a4 Bb7 16. Nxe5 Nxe5 17. f4 Nd7 18. Nf3 Re8 19. b3 Bf6 20. Ra2 Qc7 21. Kh1 c4
22. bxc4 bxc4 23. Be3 Rac8 24. a5 Bc3 25. Re2 Bxa5 26. e5 Bc3 27. Ng5 Nf8 28.
Ne4 Bb4 29. Qb1 a5 30. Nxd6 Bxd5 31. Nxe8 Rxe8 32. Be4 Qc6 33. Bf2 c3 34. Bxd5
Qxd5 35. Qe4 Rd8 36. Qxd5 Rxd5 37. f5 Nd7 38. e6 fxe6 39. fxe6 Nf6 40. g4
1/2-1/2

[Event "1st Metropolitan International"]
[Site "Los Angeles"]
[Date "2011.08.21"]
[Round "8"]
[White "Akobian, Varuzhan"]
[Black "Holt, Conrad"]
[Result "1/2-1/2"]
[WhiteElo "2613"]
[BlackElo "2438"]
[PlyCount "178"]
[EventDate "2011.08.17"]
[EventType "swiss"]
[EventRounds "9"]
[EventCountry "USA"]
[SourceDate "2011.08.22"]

1. d4 d5 2. c4 c6 3. Nf3 Nf6 4. e3 Bg4 5. Nc3 e6 6. Qb3 Qb6 7. Nh4 Bh5 8. h3
Qxb3 9. axb3 Na6 10. g4 Bg6 11. Nxg6 hxg6 12. Bg2 Nd7 13. Bd2 Be7 14. Ke2 Nb6
15. Na4 Kd7 16. Rhc1 Nxa4 17. Rxa4 Nc7 18. Rh1 Rhb8 19. Ra2 Rh8 20. e4 dxe4 21.
Bxe4 a6 22. Raa1 Rad8 23. Be3 Kc8 24. f4 Bf6 25. Rad1 Rd7 26. Rd3 Kb8 27. Bf2
Bh4 28. Bg1 Bf6 29. Bf2 Bh4 30. Be3 Bf6 31. h4 Rhd8 32. Rhd1 Rh8 33. Bf2 Kc8
34. Kf3 Be7 35. Kg2 Bd6 36. Bg3 Rf8 37. Bf3 Rfd8 38. Be2 Be7 39. Bf2 Bd6 40.
Be3 Be7 41. Bf3 Bf6 42. Be4 Be7 43. Bf2 Bd6 44. Bg3 Rf8 45. g5 Rh8 46. Bf3 Bb4
47. Rh1 Kd8 48. Bf2 Ke8 49. Rdd1 Ke7 50. Be3 Rdd8 51. Kf2 Rd7 52. Kg2 Rdd8 53.
Kf2 Rd7 54. Ke2 Rdd8 55. Rh3 Ke8 56. Rdh1 Kf8 57. h5 gxh5 58. Rxh5 Rxh5 59.
Rxh5 g6 60. Rh8+ Ke7 61. Rh7 Rg8 62. Be4 Ne8 63. Bd3 Ng7 64. Kf3 Nf5 65. Bxf5
exf5 66. Ke2 Rd8 67. Kd3 Ke6 68. Rh2 Bd6 69. Rh6 Bc7 70. b4 Bd6 71. Bd2 Bf8 72.
Rh8 Be7 73. Rh7 Bd6 74. Rh1 Bc7 75. Re1+ Kd7 76. Rh1 Ke6 77. Rh4 Bd6 78. Bc3
Bc7 79. Ke3 Bb6 80. Rh1 Bc7 81. Kf3 Bd6 82. Re1+ Kd7 83. Rh1 Ke6 84. b3 Bc7 85.
Rh7 Bb6 86. Rh2 Bc7 87. Rh3 Bb6 88. Ke3 Ba7 89. Kf3 Bb6 1/2-1/2

[Event "1st Metropolitan International"]
[Site "Los Angeles"]
[Date "2011.08.21"]
[Round "8"]
[White "Akopian, Robert"]
[Black "Mateer, Amanda"]
[Result "1-0"]
[WhiteElo "2047"]
[BlackElo "2096"]
[PlyCount "83"]
[EventDate "2011.08.17"]
[EventType "swiss"]
[EventRounds "9"]
[EventCountry "USA"]
[SourceDate "2011.08.22"]

1. e4 c5 2. Nf3 e6 3. d4 cxd4 4. Nxd4 a6 5. c4 Qc7 6. Nc3 Nf6 7. a3 b6 8. Be2
Bb7 9. f3 Nc6 10. Be3 Bc5 11. b4 Nxd4 12. Bxd4 Bd6 13. g3 Bc6 14. Qd2 Rb8 15.
Rd1 Be7 16. e5 Ng8 17. O-O f5 18. Rc1 Nh6 19. Nd5 exd5 20. cxd5 O-O 21. dxc6
dxc6 22. f4 Rfd8 23. Qc3 Qa7 24. Be3 Rbc8 25. Rfd1 Nf7 26. Rxd8+ Bxd8 27. Bc4
Be7 28. Be6 Rc7 29. Bxf5 c5 30. bxc5 Bxc5 31. Bxc5 Rxc5 32. Qe3 Rxc1+ 33. Qxc1
b5+ 34. Kg2 Qb7+ 35. Kh3 g6 36. Bg4 Kg7 37. Qc3 Kh6 38. Qc5 Kg7 39. Qc3 Kh6 40.
Qc5 Kg7 41. Qd4 h5 42. Bd7 1-0

[Event "1st Metropolitan International"]
[Site "Los Angeles"]
[Date "2011.08.21"]
[Round "8"]
[White "Altounian, Levon"]
[Black "Akopyan, Harutyun"]
[Result "1-0"]
[WhiteElo "2431"]
[BlackElo "2213"]
[PlyCount "89"]
[EventDate "2011.08.17"]
[EventType "swiss"]
[EventRounds "9"]
[EventCountry "USA"]
[SourceDate "2011.08.22"]

1. e4 e5 2. Nf3 Nc6 3. Bb5 a6 4. Bxc6 dxc6 5. Nc3 f6 6. d4 exd4 7. Nxd4 Ne7 8.
Be3 Ng6 9. Qe2 Bb4 10. Qc4 Qe7 11. Nxc6 Bxc3+ 12. bxc3 Qe6 13. Qxe6+ Bxe6 14.
Nd4 Bc4 15. f3 O-O-O 16. Nb3 Rhe8 17. Kf2 Bf7 18. Rhd1 Rxd1 19. Rxd1 Ne5 20. a3
b6 21. Nd4 Rd8 22. Re1 Rd7 23. g4 Nc4 24. Bc1 c5 25. Nf5 Be6 26. Ng3 a5 27. Nh5
Kc7 28. h4 Kc6 29. g5 Rf7 30. Kg3 a4 31. Nf4 Bd7 32. Nd3 Re7 33. h5 f5 34. e5
Be8 35. h6 g6 36. e6 Kd6 37. Nf4 Bc6 38. Nxg6 hxg6 39. Bf4+ Kd5 40. Rd1+ Kxe6
41. Re1+ Be4 42. fxe4 Rd7 43. exf5+ Kxf5 44. Re8 Nxa3 45. Re5# 1-0

[Event "1st Metropolitan International"]
[Site "Los Angeles"]
[Date "2011.08.21"]
[Round "8"]
[White "Amanov, Mesgen"]
[Black "Gareev, Timur"]
[Result "1/2-1/2"]
[WhiteElo "2544"]
[BlackElo "2613"]
[PlyCount "98"]
[EventDate "2011.08.17"]
[EventType "swiss"]
[EventRounds "9"]
[EventCountry "USA"]
[SourceDate "2011.08.22"]

1. d4 Nf6 2. c4 e6 3. Nf3 Bb4+ 4. Nbd2 b6 5. a3 Bxd2+ 6. Qxd2 Bb7 7. e3 Ne4 8.
Qc2 f5 9. b4 a5 10. bxa5 Rxa5 11. Be2 d6 12. O-O Nd7 13. Ne1 O-O 14. f3 Nef6
15. Bd2 Ra7 16. Nd3 Qe7 17. Bb4 c5 18. Bc3 Ba6 19. dxc5 bxc5 20. Rfb1 Nh5 21.
Nf2 f4 22. e4 e5 23. Be1 Nhf6 24. a4 Nb8 25. Rb6 Nfd7 26. Rb2 Nc6 27. Rab1 Nd4
28. Qd3 Qe6 29. Bf1 g5 30. a5 h5 31. h3 Rc8 32. Rc1 Raa8 33. Rcb1 Rab8 34. Nd1
Rxb2 35. Rxb2 g4 36. Nc3 Kf7 37. fxg4 hxg4 38. hxg4 Rh8 39. Nb5 Nf6 40. Nc7
Qxg4 41. Bf2 Qh5 42. Bxd4 Qh2+ 43. Kf2 exd4 44. Nxa6 Ng4+ 45. Ke1 Ne5 46. Qd2
Qg3+ 47. Qf2 Qc3+ 48. Qd2 Qg3+ 49. Qf2 Qc3+ 1/2-1/2

[Event "1st Metropolitan International"]
[Site "Los Angeles"]
[Date "2011.08.21"]
[Round "8"]
[White "Barnett, Alex"]
[Black "Liou, Yian"]
[Result "0-1"]
[WhiteElo "2254"]
[BlackElo "2299"]
[PlyCount "108"]
[EventDate "2011.08.17"]
[EventType "swiss"]
[EventRounds "9"]
[EventCountry "USA"]
[SourceDate "2011.08.22"]

1. e4 c5 2. Nf3 e6 3. d4 cxd4 4. Nxd4 a6 5. Nc3 Qc7 6. Bd3 Nf6 7. O-O d6 8. Kh1
Be7 9. Qe2 O-O 10. f4 Nbd7 11. Bd2 b5 12. Rae1 Bb7 13. e5 Ne8 14. f5 Nxe5 15.
fxe6 fxe6 16. Nxe6 Rxf1+ 17. Rxf1 Qc8 18. Bf5 Qc4 19. Ng5 Qxe2 20. Nxe2 Nf6 21.
Be6+ Kh8 22. Bc3 h6 23. Bxe5 dxe5 24. Nf7+ Kh7 25. Nxe5 Rd8 26. Nd3 Be4 27.
Bf5+ Bxf5 28. Rxf5 Nd5 29. Rf3 Nb4 30. Nxb4 Rd1+ 31. Ng1 Bxb4 32. g4 Bc5 33.
Rg3 Rb1 34. b3 Rc1 35. Rg2 g5 36. h3 b4 37. Kh2 Bd6+ 38. Kh1 Kg6 39. Re2 Bc5
40. Rg2 a5 41. Kh2 Bd6+ 42. Kh1 Kg7 43. Re2 Bc5 44. Rg2 Kf6 45. Kh2 Bxg1+ 46.
Rxg1 Rxc2+ 47. Kg3 Rxa2 48. Rf1+ Kg6 49. Rb1 Ra3 50. Kf2 Kf6 51. Ke2 Ke5 52.
Kd3 Kd5 53. Kc2 Ra2+ 54. Kd3 Rh2 0-1

[Event "1st Metropolitan International"]
[Site "Los Angeles"]
[Date "2011.08.21"]
[Round "8"]
[White "Bodek, Michael"]
[Black "Ravichandran, Siddharth"]
[Result "0-1"]
[WhiteElo "2191"]
[BlackElo "2387"]
[PlyCount "98"]
[EventDate "2011.08.17"]
[EventType "swiss"]
[EventRounds "9"]
[EventCountry "USA"]
[SourceDate "2011.08.22"]

1. e4 c5 2. Nf3 d6 3. d4 cxd4 4. Nxd4 Nf6 5. Nc3 a6 6. f3 Qb6 7. Nb3 e6 8. Bd3
Nc6 9. Qe2 Be7 10. Be3 Qc7 11. O-O b5 12. a3 Bb7 13. f4 Rc8 14. Rae1 h5 15. h3
h4 16. Qf2 b4 17. Na4 Nh5 18. Rd1 Ng3 19. Rfe1 O-O 20. c4 Nb8 21. Bd2 bxa3 22.
bxa3 Nd7 23. Rb1 Ba8 24. Bb4 Rfe8 25. Rbc1 Qc6 26. Na5 Qc7 27. Nb3 Bc6 28. Nc3
Bb7 29. Rb1 Nc5 30. Bxc5 dxc5 31. Rbd1 Red8 32. Bc2 Ba8 33. Qf3 g5 34. fxg5
Bxg5 35. Na4 Qe5 36. Nb6 Rxd1 37. Rxd1 Re8 38. Nd7 Qg7 39. Nbxc5 Rd8 40. Qg4
Bc6 41. Kh2 Kh8 42. e5 Rg8 43. Rd6 Bxd7 44. Nxd7 Qh6 45. Rd4 Nh5 46. c5 Bf4+
47. Rxf4 Nxf4 48. Qd1 Rxg2+ 49. Kh1 Qg5 0-1

[Event "1st Metropolitan International"]
[Site "Los Angeles"]
[Date "2011.08.21"]
[Round "8"]
[White "Chen, Howard Jed"]
[Black "Steinfl, Alessandro"]
[Result "1-0"]
[WhiteElo "2293"]
[BlackElo "2164"]
[PlyCount "75"]
[EventDate "2011.08.17"]
[EventType "swiss"]
[EventRounds "9"]
[EventCountry "USA"]
[SourceDate "2011.08.22"]

1. d4 f5 2. Nf3 Nf6 3. g3 g6 4. Bg2 Bg7 5. O-O O-O 6. c4 d6 7. b3 c6 8. Bb2 Qe8
9. d5 Bd7 10. Nc3 Na6 11. Rc1 h6 12. Nd4 Nc7 13. Re1 c5 14. Nc2 Ne4 15. Qd3 b5
16. f3 bxc4 17. bxc4 Rb8 18. Ba1 Ng5 19. f4 Nf7 20. e4 Na6 21. Ne3 Nb4 22. Qd2
Qc8 23. a3 Na6 24. Qc2 Nd8 25. Kh1 Nb7 26. Nf1 Na5 27. Nd2 Qb7 28. Rb1 Qc7 29.
Rxb8 Rxb8 30. Bh3 fxe4 31. Nb5 Bxb5 32. Bxg7 Kxg7 33. cxb5 Rxb5 34. Rxe4 Qb7
35. Bg2 Nb3 36. Re6 Nxd2 37. Rxg6+ Kh7 38. Rxd6+ 1-0

[Event "1st Metropolitan International"]
[Site "Los Angeles"]
[Date "2011.08.21"]
[Round "8"]
[White "Cherniack, Alex"]
[Black "Brown, Michael W."]
[Result "1/2-1/2"]
[WhiteElo "2262"]
[BlackElo "2121"]
[PlyCount "53"]
[EventDate "2011.08.17"]
[EventType "swiss"]
[EventRounds "9"]
[EventCountry "USA"]
[SourceDate "2011.08.22"]

1. d4 d5 2. c4 dxc4 3. Nf3 Nf6 4. e3 e6 5. Bxc4 a6 6. O-O c5 7. Bb3 Nbd7 8. Nc3
b5 9. Qe2 Bb7 10. Rd1 Qb8 11. d5 exd5 12. Nxd5 Nxd5 13. Bxd5 Bxd5 14. Rxd5 Qb7
15. e4 Be7 16. Bg5 Nb6 17. Rd3 O-O 18. e5 Bxg5 19. Nxg5 Qe7 20. Nxh7 Kxh7 21.
Qh5+ Kg8 22. Rh3 f6 23. Re1 Qe6 24. Qh7+ Kf7 25. Qh5+ Kg8 26. Qh7+ Kf7 27. Qh5+
1/2-1/2

[Event "1st Metropolitan International"]
[Site "Los Angeles"]
[Date "2011.08.21"]
[Round "8"]
[White "Ginsburg, Mark"]
[Black "Chua, Alexander"]
[Result "1/2-1/2"]
[WhiteElo "2387"]
[BlackElo "2278"]
[PlyCount "36"]
[EventDate "2011.08.17"]
[EventType "swiss"]
[EventRounds "9"]
[EventCountry "USA"]
[SourceDate "2011.08.22"]

1. d4 Nf6 2. Nf3 d5 3. c4 e6 4. g3 Bb4+ 5. Bd2 Be7 6. Bg2 O-O 7. O-O c6 8. Qc2
b6 9. Bf4 Ba6 10. Nbd2 Nbd7 11. Qa4 Bb7 12. Rac1 a6 13. cxd5 Nxd5 14. Rfd1 b5
15. Qc2 c5 16. dxc5 Nxc5 17. Nb3 Nxb3 18. Qxb3 Qb6 1/2-1/2

[Event "1st Metropolitan International"]
[Site "Los Angeles"]
[Date "2011.08.21"]
[Round "8"]
[White "Hall, Bobby"]
[Black "Anderson, Michael"]
[Result "0-1"]
[WhiteElo "2044"]
[BlackElo "1900"]
[PlyCount "112"]
[EventDate "2011.08.17"]
[EventType "swiss"]
[EventRounds "9"]
[EventCountry "USA"]
[SourceDate "2011.08.22"]

1. e4 c5 2. Nf3 Nc6 3. Bb5 g6 4. Bxc6 dxc6 5. d3 Bg7 6. h3 Qc7 7. Nc3 Nf6 8.
Be3 Nd7 9. Qd2 h6 10. O-O e5 11. Nh2 g5 12. Ne2 b6 13. Ng3 Nf6 14. a3 Be6 15.
Qe2 Qd7 16. c3 g4 17. h4 h5 18. Rfd1 Ng8 19. Ngf1 Ne7 20. b4 Ng6 21. g3 f5 22.
exf5 Bxf5 23. bxc5 O-O 24. cxb6 axb6 25. Bxb6 Rae8 26. a4 Nf4 27. gxf4 exf4 28.
Qd2 Be6 29. Ng3 fxg3 30. fxg3 Qd6 31. Bf2 c5 32. d4 cxd4 33. cxd4 Rf6 34. Nf1
Ref8 35. Be3 Rxf1+ 36. Rxf1 Qxg3+ 37. Qg2 Qxe3+ 38. Kh1 Rf3 39. Rxf3 gxf3 40.
Qf1 Bd5 41. Qc1 f2+ 42. Kh2 Qf3 43. Qc8+ Kh7 44. Qh3 Qf4+ 45. Qg3 f1=N+ 46.
Rxf1 Qxf1 47. Qg1 Qxg1+ 48. Kxg1 Bxd4+ 49. Kh2 Be5+ 50. Kh3 Be6+ 51. Kg2 Kg6
52. a5 Kf5 53. a6 Kg4 54. a7 Bd5+ 55. Kf1 Kxh4 56. Kg1 Kg3 0-1

[Event "1st Metropolitan International"]
[Site "Los Angeles"]
[Date "2011.08.21"]
[Round "8"]
[White "Hamzah, Amier"]
[Black "Huang, Vincent"]
[Result "0-1"]
[WhiteElo "1800"]
[BlackElo "2128"]
[PlyCount "82"]
[EventDate "2011.08.17"]
[EventType "swiss"]
[EventRounds "9"]
[EventCountry "USA"]
[SourceDate "2011.08.22"]

1. d4 d5 2. c4 c6 3. Nc3 Nf6 4. Nf3 e6 5. Bg5 Nbd7 6. cxd5 exd5 7. e3 Be7 8.
Qc2 O-O 9. Bd3 Re8 10. O-O Nf8 11. Rab1 Ng6 12. b4 a6 13. a4 Qd6 14. b5 axb5
15. axb5 Bg4 16. Nd2 Bd8 17. Rfc1 Bc7 18. Nf1 Nh5 19. h3 Bd7 20. Qd1 Nf6 21.
Bxg6 hxg6 22. Bf4 Qe7 23. Bxc7 Bf5 24. Be5 Bxb1 25. Rxb1 Nd7 26. Bg3 Ra3 27.
Qc2 Rea8 28. bxc6 bxc6 29. Rb7 Ra1 30. Rc7 Qe6 31. Qb2 Re1 32. Nb1 Qf5 33. Nbd2
Raa1 34. f3 Red1 35. Qc3 Nf6 36. Bf2 Rac1 37. Qa3 Kh7 38. Qf8 Qd3 39. Rc8 Rxf1+
40. Nxf1 Qxf1+ 41. Kh2 g5 0-1

[Event "1st Metropolitan International"]
[Site "Los Angeles"]
[Date "2011.08.21"]
[Round "8"]
[White "Hungaski, Robert"]
[Black "Kiewra, Keaton"]
[Result "1-0"]
[WhiteElo "2495"]
[BlackElo "2351"]
[PlyCount "53"]
[EventDate "2011.08.17"]
[EventType "swiss"]
[EventRounds "9"]
[EventCountry "USA"]
[SourceDate "2011.08.22"]

1. e4 c5 2. Nf3 d6 3. d4 Nf6 4. Nc3 cxd4 5. Nxd4 g6 6. Be3 Bg7 7. f3 O-O 8. Qd2
Nc6 9. O-O-O Nxd4 10. Bxd4 Be6 11. Kb1 Qc7 12. h4 Rfc8 13. h5 Qa5 14. hxg6 hxg6
15. a3 Rab8 16. Bd3 b5 17. Qf2 Rc5 18. Bxc5 dxc5 19. Qxc5 Nd7 20. Qb4 Qc7 21.
Nd5 Bxd5 22. exd5 Nc5 23. Rh4 Na4 24. c3 a5 25. Qf4 Be5 26. Rh8+ Kxh8 27. Qxf7
1-0

[Event "1st Metropolitan International"]
[Site "Los Angeles"]
[Date "2011.08.21"]
[Round "8"]
[White "Kavutskiy, Konstantin"]
[Black "Szabo, Bence"]
[Result "1/2-1/2"]
[WhiteElo "2225"]
[BlackElo "2362"]
[PlyCount "68"]
[EventDate "2011.08.17"]
[EventType "swiss"]
[EventRounds "9"]
[EventCountry "USA"]
[SourceDate "2011.08.22"]

1. d4 Nf6 2. c4 e6 3. g3 d5 4. Nf3 dxc4 5. Bg2 a6 6. O-O Nc6 7. Nc3 Rb8 8. e4
b5 9. d5 Nb4 10. b3 exd5 11. e5 Ng8 12. a3 Nd3 13. Nd4 Bb7 14. bxc4 bxc4 15.
Rb1 c6 16. Rxb7 Rxb7 17. Nxc6 Qd7 18. Nxd5 Rb5 19. Qf3 Ne7 20. Ndxe7 Bxe7 21.
Nxe7 Qxe7 22. Qa8+ Qd8 23. Bc6+ Ke7 24. Bg5+ f6 25. Qa7+ Ke6 26. Bxb5 axb5 27.
exf6 gxf6 28. Bh4 Qd6 29. Qg7 Qf8 30. Qb7 Qc5 31. Qa6+ Kd5 32. Qb7+ Ke6 33. Qg7
Qf8 34. Qb7 Qc5 1/2-1/2

[Event "1st Metropolitan International"]
[Site "Los Angeles"]
[Date "2011.08.21"]
[Round "8"]
[White "Kelley, Dereque"]
[Black "Bercys, Salvijus"]
[Result "0-1"]
[WhiteElo "2203"]
[BlackElo "2487"]
[PlyCount "66"]
[EventDate "2011.08.17"]
[EventType "swiss"]
[EventRounds "9"]
[EventCountry "USA"]
[SourceDate "2011.08.22"]

1. d4 Nf6 2. c4 d6 3. Nf3 g6 4. Nc3 Bg7 5. e4 O-O 6. Be2 Na6 7. O-O e5 8. Re1
Qe8 9. Bf1 c6 10. Rb1 Qe7 11. b4 exd4 12. Nxd4 Ng4 13. Bf4 Qf6 14. Nde2 Ne5 15.
Bxe5 dxe5 16. c5 Nc7 17. Qc1 Be6 18. a4 Rfd8 19. Qc2 Qe7 20. Red1 a5 21. Rxd8+
Rxd8 22. bxa5 Na6 23. Nc1 Nxc5 24. Nd3 Nxd3 25. Bxd3 Bh6 26. Nd1 Rd4 27. a6
bxa6 28. Bxa6 Qd6 29. a5 Rd2 30. Qa4 Ra2 31. Qb4 Qxb4 32. Rxb4 Rxa5 33. Be2 c5
0-1

[Event "1st Metropolitan International"]
[Site "Los Angeles"]
[Date "2011.08.21"]
[Round "8"]
[White "Kleinman, Michael"]
[Black "Sinanan, Joshua"]
[Result "1-0"]
[WhiteElo "2221"]
[BlackElo "2273"]
[PlyCount "69"]
[EventDate "2011.08.17"]
[EventType "swiss"]
[EventRounds "9"]
[EventCountry "USA"]
[SourceDate "2011.08.22"]

1. e4 c5 2. Nf3 d6 3. d4 cxd4 4. Qxd4 a6 5. c4 Nc6 6. Qe3 g6 7. h3 Bg7 8. Be2
Nf6 9. O-O O-O 10. Rd1 Nd7 11. Nc3 Nc5 12. Rb1 a5 13. Bd2 a4 14. Qg5 f5 15. Qh4
fxe4 16. Ng5 h6 17. Ngxe4 g5 18. Bxg5 hxg5 19. Qxg5 Nxe4 20. Nxe4 Bf5 21. Bd3
e6 22. Qh5 Ne5 23. Bc2 Bg6 24. Qe2 Qh4 25. Rxd6 Rf4 26. Re1 Bh5 27. Qf1 Qe7 28.
c5 Raf8 29. Bxa4 Kh8 30. Re3 Nc6 31. Bxc6 bxc6 32. Qc4 e5 33. Qe6 Qb7 34. Rb3
Qa6 35. Rg3 1-0

[Event "1st Metropolitan International"]
[Site "Los Angeles"]
[Date "2011.08.21"]
[Round "8"]
[White "Kurosaki, Takashi"]
[Black "Troff, Kayden"]
[Result "0-1"]
[WhiteElo "2131"]
[BlackElo "2282"]
[PlyCount "100"]
[EventDate "2011.08.17"]
[EventType "swiss"]
[EventRounds "9"]
[EventCountry "USA"]
[SourceDate "2011.08.22"]

1. c4 Nf6 2. g3 g6 3. Bg2 Bg7 4. Nc3 O-O 5. e4 c5 6. Nge2 Nc6 7. O-O Ne8 8. Nd5
e6 9. Ndc3 a6 10. d3 Nc7 11. Na4 d6 12. Nb6 Rb8 13. Rb1 Ne8 14. Nxc8 Qxc8 15.
Be3 b5 16. Qd2 Nf6 17. h3 Nd7 18. b3 Qc7 19. Rbc1 Nb4 20. cxb5 Qa5 21. d4 Qxb5
22. a3 Nc6 23. dxc5 Nxc5 24. Qxd6 Nxb3 25. Rxc6 Qxe2 26. Rc7 Rbd8 27. Rd7 Bf6
28. Rxd8 Rxd8 29. Qf4 Bg7 30. Qc7 Rf8 31. Qd6 a5 32. Rb1 a4 33. Qb4 Qd3 34. Rf1
Qd7 35. Bf3 Rc8 36. Rd1 Qc6 37. Rd6 Qc2 38. Qxa4 Bf8 39. Rd7 Nd2 40. Qxc2 Nxf3+
41. Kf1 Rxc2 42. a4 Ra2 43. Rd8 Kg7 44. Ra8 Nd2+ 45. Kg2 Nc4 46. Bh6+ Kxh6 47.
Rxf8 Kg7 48. Rb8 Rxa4 49. f4 Ra2+ 50. Kf3 Nd2+ 0-1

[Event "1st Metropolitan International"]
[Site "Los Angeles"]
[Date "2011.08.21"]
[Round "8"]
[White "Lee, Michael"]
[Black "Hafizulhilmi, Mas"]
[Result "1/2-1/2"]
[WhiteElo "2395"]
[BlackElo "2416"]
[PlyCount "129"]
[EventDate "2011.08.17"]
[EventType "swiss"]
[EventRounds "9"]
[EventCountry "USA"]
[SourceDate "2011.08.22"]

1. c4 e5 2. Nc3 d6 3. g3 Be6 4. Bg2 Nc6 5. d3 Qd7 6. Rb1 g6 7. b4 Bg7 8. Bd2
Nge7 9. Nd5 O-O 10. h4 Bg4 11. Qc1 Nd8 12. Bh6 c6 13. Bxg7 Kxg7 14. Ne3 Be6 15.
h5 f6 16. hxg6 hxg6 17. Nf3 Nf7 18. Qb2 d5 19. d4 e4 20. Nd2 Rfd8 21. c5 b5 22.
Nb3 Nf5 23. Qc3 Rh8 24. Kd2 Ne7 25. Rxh8 Rxh8 26. Rh1 g5 27. Rxh8 Nxh8 28. Qc1
f5 29. Qh1 f4 30. gxf4 gxf4 31. Nd1 Nhg6 32. Qh5 Bg4 33. Qg5 Qf5 34. Qxf5 Nxf5
35. Bf1 Ngh4 36. Kc3 Kf6 37. Na5 Ne7 38. Nb7 Ke6 39. Nd8+ Kd7 40. Nf7 Neg6 41.
Nd6 Ke7 42. Nb2 Nh8 43. a4 a6 44. axb5 axb5 45. Nb7 Nf7 46. Na5 Kd7 47. Nb3 Ng5
48. Kd2 e3+ 49. fxe3 Ne4+ 50. Kd1 fxe3 51. Ke1 Nf2 52. Nd1 Nxd1 53. Kxd1 Ng6
54. Na1 Bf5 55. Bg2 Ke7 56. Nc2 Bxc2+ 57. Kxc2 Nf4 58. Bf3 Kf6 59. Bg4 Kg5 60.
Bd7 Nxe2 61. Kd3 Nxd4 62. Kxe3 Nc2+ 63. Kd2 Nxb4 64. Kc3 Na6 65. Bxc6 1/2-1/2

[Event "1st Metropolitan International"]
[Site "Los Angeles"]
[Date "2011.08.21"]
[Round "8"]
[White "Marmont, Benjamin"]
[Black "Viswanadha, Kesav"]
[Result "1-0"]
[WhiteElo "2154"]
[BlackElo "1919"]
[PlyCount "97"]
[EventDate "2011.08.17"]
[EventType "swiss"]
[EventRounds "9"]
[EventCountry "USA"]
[SourceDate "2011.08.22"]

1. e4 e5 2. Nf3 Nc6 3. Bb5 a6 4. Ba4 Nf6 5. O-O Nxe4 6. d4 b5 7. Bb3 d5 8. dxe5
Be6 9. Be3 Be7 10. c3 O-O 11. Nbd2 Qd7 12. Re1 f5 13. exf6 Nxf6 14. Bg5 Kh8 15.
a4 Bg4 16. h3 Bh5 17. axb5 axb5 18. Rxa8 Rxa8 19. Qe2 Ne4 20. Bxe7 Nxd2 21.
Qxd2 Bxf3 22. Bh4 Na5 23. Ba2 Nc6 24. Bb3 Na5 25. Bc2 Bh5 26. Re7 Qd6 27. Qg5
Bg6 28. Bxg6 hxg6 29. Bg3 Qf6 30. Qxf6 gxf6 31. Rxc7 Nc4 32. Rc5 Nxb2 33. Rxd5
Na4 34. Rxb5 Nxc3 35. Rb8+ Rxb8 36. Bxb8 Kg7 37. Kf1 Nd5 38. Ke2 g5 39. Kd3 Kg6
40. Kd4 Ne7 41. Bc7 Kh5 42. Ke4 g4 43. Bd8 gxh3 44. gxh3 Ng8 45. Kf5 Kh4 46.
Bxf6+ Kxh3 47. Bg5 Kg2 48. f4 Kf3 49. Ke6 1-0

[Event "1st Metropolitan International"]
[Site "Los Angeles"]
[Date "2011.08.21"]
[Round "8"]
[White "Matikozyan, Andranik"]
[Black "Amanov, Zhanibek"]
[Result "1-0"]
[WhiteElo "2451"]
[BlackElo "2382"]
[PlyCount "81"]
[EventDate "2011.08.17"]
[EventType "swiss"]
[EventRounds "9"]
[EventCountry "USA"]
[SourceDate "2011.08.22"]

1. e4 c5 2. Nc3 e6 3. Nf3 Nc6 4. Bb5 Qc7 5. O-O Nf6 6. Re1 Be7 7. e5 Nd5 8.
Nxd5 exd5 9. d4 cxd4 10. Ba4 O-O 11. Nxd4 Nxe5 12. Nb5 Qb8 13. Qxd5 d6 14. Nd4
a6 15. Bb3 Bf6 16. Bf4 Bd7 17. Rad1 Qc7 18. Ne2 Rad8 19. Qxd6 Qxd6 20. Rxd6 Be6
21. Rxd8 Rxd8 22. Bxe6 fxe6 23. Ng3 Nc4 24. b3 Bc3 25. Rxe6 Na3 26. Rd6 Re8 27.
Rd3 Re1+ 28. Nf1 Bf6 29. c4 Nc2 30. g3 Ra1 31. a4 Rb1 32. Bd2 Rd1 33. Rd5 Rb1
34. Rd3 Rd1 35. g4 Bd4 36. b4 b6 37. Rb3 Ra1 38. a5 bxa5 39. bxa5 Ra4 40. Rb8+
Kf7 41. Ra8 1-0

[Event "1st Metropolitan International"]
[Site "Los Angeles"]
[Date "2011.08.21"]
[Round "8"]
[White "Melekhina, Alisa"]
[Black "Haessel, Dale"]
[Result "0-1"]
[WhiteElo "2263"]
[BlackElo "2211"]
[PlyCount "94"]
[EventDate "2011.08.17"]
[EventType "swiss"]
[EventRounds "9"]
[EventCountry "USA"]
[SourceDate "2011.08.22"]

1. e4 e5 2. Bc4 Nf6 3. d4 exd4 4. Nf3 Bb4+ 5. c3 dxc3 6. bxc3 d5 7. exd5 Bc5 8.
O-O O-O 9. Bg5 Nbd7 10. Bd3 h6 11. Bh4 Be7 12. Bc2 Nb6 13. Bxf6 Bxf6 14. Qd3 g6
15. Bb3 Qd6 16. a4 Rd8 17. Rd1 Be6 18. Qe3 Nxd5 19. Bxd5 Bxd5 20. Qxh6 Qe7 21.
Qf4 Bxf3 22. Qxf3 Qe4 23. Rc1 Qxf3 24. gxf3 Rd3 25. Kg2 Rad8 26. Ra2 R8d5 27.
f4 Rf5 28. Rb2 b6 29. Rb4 Be7 30. Re4 Bd6 31. Re3 Rdd5 32. c4 Rd4 33. Na3 Rdxf4
34. f3 Rh4 35. Rh1 Rg5+ 36. Kf1 Bxa3 37. Rxa3 Rxc4 38. Kf2 Rc2+ 39. Ke3 Rgg2
40. h4 Rh2 41. Rd1 Rce2+ 42. Kd3 Re7 43. Rc1 Rxh4 44. a5 Rf4 45. Kd2 c5 46.
axb6 axb6 47. Rb1 Rd4+ 0-1